God's tsunami : (Record no. 54716)
[ view plain ]
| 000 -LEADER | |
|---|---|
| fixed length control field | 00977nam a22002297a 4500 |
| 005 - DATE AND TIME OF LATEST TRANSACTION | |
| control field | 20251105165847.0 |
| 008 - FIXED-LENGTH DATA ELEMENTS--GENERAL INFORMATION | |
| fixed length control field | 251105b |||||||| |||| 00| 0 eng d |
| 020 ## - INTERNATIONAL STANDARD BOOK NUMBER | |
| International Standard Book Number | 9655551350 |
| 040 ## - CATALOGING SOURCE | |
| Original cataloging agency | bsop |
| 100 ## - MAIN ENTRY--PERSONAL NAME | |
| Personal name | Tsukahira, Peter |
| 245 ## - TITLE STATEMENT | |
| Title | God's tsunami : |
| Remainder of title | understanding Israel and end-time prophecy / |
| Statement of responsibility, etc | Peter Tsukahira |
| 264 ## - PRODUCTION, PUBLICATION, DISTRIBUTION, MANUFACTURE STATEMENTS | |
| Place of production, publication, distribution, manufacture | s.l : |
| Name of producer, publisher, distributor, manufacturer | <a href="s.n,">s.n,</a> |
| Date of production, publication, distribution, manufacture | c2003. |
| 300 ## - PHYSICAL DESCRIPTION | |
| Extent | 18 unnumbered pages, 216 pages ; |
| Dimensions | 23 cm |
| 336 ## - CONTENT TYPE | |
| Content Type Term | text |
| 337 ## - MEDIA TYPE | |
| Media Type Term | unmediated |
| 338 ## - CARRIER TYPE | |
| Carrier Type Term | volume |
| 505 0# - FORMATTED CONTENTS NOTE | |
| Formatted contents note | Introduction--1: God is Shaking the Earth--2: God's Choice--3: The Holocaust--4: Israel's Relationship to the Church--5: Spiritual Roadblocks Removed--6: The Identity and Destiny of Islam--7: Tsunami!--8: Prophetic "Mountains"--9: Israel's Irrevocable Calling--10: Birth Pangs of the End-Times--11: Restoration and Revival--12: The "Finish Line" |
| 650 ## - SUBJECT ADDED ENTRY--TOPICAL TERM | |
| Topical term or geographic name as entry element | End of the world Biblical teaching |
| 650 ## - SUBJECT ADDED ENTRY--TOPICAL TERM | |
| Topical term or geographic name as entry element | End of the world |
| 650 ## - SUBJECT ADDED ENTRY--TOPICAL TERM | |
| Topical term or geographic name as entry element | Eschatology |
| 942 ## - ADDED ENTRY ELEMENTS (KOHA) | |
| Source of classification or shelving scheme | Library of Congress Classification |
| Item type | Books |
| Withdrawn status | Lost status | Source of classification or shelving scheme | Damaged status | Not for loan | Home library | Current library | Shelving location | Date acquired | Inventory number | Total Checkouts | Full call number | Barcode | Date last seen | Price effective from | Koha item type |
|---|---|---|---|---|---|---|---|---|---|---|---|---|---|---|---|
| Library of Congress Classification | BSOP Library | BSOP Library | GC | 11/05/2025 | 48852 | BS680.E8 T78 2003 | 00062590 | 11/05/2025 | 11/05/2025 | Books |
